Improving spelling ability among speakers of African American vernacular English : an intervention based on phonological, morphological, and orthographic principles /

Bibliographic Details
Main Author: Pittman, Ramona Trinette
Other Authors: Malatesha, Joshi R. (Thesis advisor)
Format: Thesis eBook
Language:English
Published: [College Station, Tex.] : [Texas A&M University], [2010]
Subjects:
Online Access:Link to OAK Trust copy

MARC

Tag First Indicator Second Indicator Subfields
LEADER 00000cam a2200000Ka 4500
001 in00002575382
005 20151201150137.0
006 m f d
007 cr unu||||||||
008 100428s2010 txu sbm 000 0 eng d
035 |a (OCoLC)ocn609883796 
035 |a (OCoLC)609883796 
035 |a (TxCM)http://hdl.handle.net/1969.1/ETD-TAMU-1483 
040 |a TXA  |c TXA  |d UtOrBLW 
049 |a TXAM 
099 |a 2007  |a Dissertation  |a 1969.1/ETD-TAMU-1483 
100 1 |a Pittman, Ramona Trinette. 
245 1 0 |a Improving spelling ability among speakers of African American vernacular English :  |b an intervention based on phonological, morphological, and orthographic principles /  |c by Ramona Trinette Pittman. 
264 1 |a [College Station, Tex.] :  |b [Texas A&M University],  |c [2010] 
300 |a 1 online resource. 
336 |a text  |b txt  |2 rdacontent 
337 |a computer  |b c  |2 rdamedia 
338 |a online resource  |b cr  |2 rdacarrier 
500 |a "Major Subject: Curriculum and Instruction" 
500 |a Title from author supplied metadata (automated record created 2010-03-12 12:08:51). 
502 |b Doctor of Philosophy  |c Texas A&M University  |d 2007  |o http://hdl.handle.net/1969.1/ETD-TAMU-1483 
504 |a Includes bibliographical references. 
516 |a Text (Dissertation) 
520 3 |a Given the importance of the role of spelling in literacy, it is important to have knowledge of the linguistic features that allow students to be successful spellers. Having phonological, morphological, and orthographic knowledge is essentially important to spell conventionally. In the United States, the standard language is Academic English (AE). African American Vernacular English (AAVE) is considered a deviation from AE, with its own sound system. AAVE is the most widely used form of dialect in the United States. Many students who speak AAVE may have difficulties in producing the correct spelling of AE words. The overall purpose of this study was to provide sixth-grade students, who are speakers of AAVE, with an eight-week intervention in the principles of phonology, morphology, and orthography that would assist them in improving their spelling performance. Students had similar scores on all spelling and dialect pretest measures before the intervention began. The research design was a pretest/posttest/posttest design using waitlist- control. This study included 142 students divided into 14 class sections taught by two teachers. The two teachers provided the intervention to the students. The experimental group consisted of seven classes, and the control group consisted of seven classes. After the first implementation of the intervention, the study was replicated with the control group of students. MANOVA was utilized to determine the effect of the intervention. The intervention produced large effects for the students who received the spelling instruction. The results from the criterion-referenced spelling assessments and a sentence writing task revealed that students who received explicit instruction from the intervention made gains in their spelling performance from pretest/posttest 1/posttest 2 and maintained these gains after being tested eight weeks later. Practical and theoretical recommendations are provided for teachers and researchers. Suggested recommendations include: providing teacher training that will enable teachers to be more linguistically aware of AAVE and its features, making students aware of the difference in the AAVE and the AE sound system, and conducting more research-based studies that will assist speakers of AAVE in literacy and spelling. 
500 |a Electronic resource. 
650 4 |a Major curriculum and instruction. 
653 |a AAVE 
653 |a Dialect 
653 |a Spelling 
653 |a Orthography 
653 |a Phonology 
653 |a Morphology 
700 1 |a Malatesha, Joshi R.,  |e thesis advisor. 
856 4 0 |u http://hdl.handle.net/1969.1/ETD-TAMU-1483  |z Link to OAK Trust copy  |t 0 
948 |a cataloged  |b h  |c 2010/4/28  |d c  |e jgreene  |f 11:58:12 am 
994 |a C0  |b TXA 
999 |a MARS 
999 f f |s 5423c7fe-e982-3445-8a3c-a377acf4aa38  |i 44c7ebd0-766f-32bf-a61c-5fb80b065c14  |t 0 
952 f f |a Texas A&M University  |b College Station  |c Electronic Resources  |d Available Online  |t 0  |e 2007 Dissertation 1969.1/ETD-TAMU-1483  |h Other scheme 
998 f f |a 2007 Dissertation 1969.1/ETD-TAMU-1483  |t 0  |l Available Online